000 00758nam a2200217 a 4500
001 000009964
005 20240412074214.0
008 091002s1982 dr r 000 p spa d
040 _aDO-SdBNP
_bspa
_cBNPHU
082 _aRD861.44
_bC762p
100 1 _aContín Aybar, Pedro René
_923772
245 1 0 _aPoemas /
_cPedro René Contín Aybar; presentación Víctor Villegas.
260 _aSanto Domingo, :
_bTaller,
_c1982.
300 _a222 p. ;
_c20 cm.
500 _aA la cabeza del título : X Feria Nacional del Libro homenaje a Pedro René Contín Aybar
590 _aInventariado, 2018/BT
650 0 _aPoesía dominicana
_966
650 0 _aLiteratura dominicana.
_967
700 1 2 _aVictor Villegas
_924910
910 _aValidado. Control de calidad. MFF
999 _c9723
_d9723